Popular Government : (Record no. 158528)
[ view plain ]
| 000 -LEADER | |
|---|---|
| campo de control de longitud fija | 00831nam a22002175i 4500 |
| 001 - NÚMERO DE CONTROL | |
| campo de control | 158528 |
| 003 - IDENTIFICADOR DE NÚMERO DE CONTROL | |
| campo de control | ES-MaACL |
| 005 - FECHA Y HORA DE LA ÚLTIMA TRANSACCIÓN | |
| campo de control | 20250830103045.0 |
| 008 - DATOS DE LONGITUD FIJA--INFORMACIÓN GENERAL | |
| campo de control de longitud fija | 040831s1886 xxk |||| | eng d |
| 100 1# - ENTRADA PRINCIPAL--NOMBRE DE PERSONA | |
| Nombre de persona | Maine, Henry Sumner ( |
| Fechas asociadas al nombre | 1822-1888) |
| 9 (RLIN) | 129363 |
| 245 10 - MENCIÓN DEL TÍTULO | |
| Título | Popular Government : |
| Resto del título | four essays / |
| Mención de responsabilidad, etc. | by Sir Henry Sumner Maine. |
| 250 ## - MENCION DE EDICION | |
| Mención de edición | 2th ed. |
| 260 ## - PUBLICACIÓN, DISTRIBUCIÓN, ETC. | |
| Lugar de publicación, distribución, etc. | London : |
| Nombre del editor, distribuidor, etc. | John Murray, |
| Fecha de publicación, distribución, etc. | 1886 ( |
| Fabricante | Spottiswoode and Co.) |
| 300 ## - DESCRIPCIÓN FÍSICA | |
| Extensión | XII, 261 p. ; |
| Dimensiones | 23 cm. |
| 610 17 - PUNTO DE ACCESO ADICIONAL DE MATERIA--NOMBRE DE ENTIDAD CORPORATIVA | |
| Nombre de entidad corporativa o nombre de jurisdicción como elemento de entrada | Estados Unidos. |
| Título de la obra | Constitution |
| Fuente del encabezamiento o término | |
| 9 (RLIN) | 147980 |
| 650 #4 - PUNTO DE ACCESO ADICIONAL DE MATERIA--TÉRMINO DE MATERIA | |
| Término de materia o nombre geográfico como elemento de entrada | Gobierno representativo- |
| Subdivisión geográfica | Estados Unidos. |
| 9 (RLIN) | 172075 |
| 651 #4 - PUNTO DE ACCESO ADICIONAL DE MATERIA--NOMBRE GEOGRÁFICO | |
| Nombre geográfico | Estados Unidos- |
| Subdivisión general | Política y gobierno- |
| Subdivisión cronológica | S.XIX. |
| 9 (RLIN) | 172072 |
| 752 ## - ENTRADA AGREGADA--NOMBRE JERÁRQUICO DEL LUGAR | |
| País o entidad superior | Gran Bretaña - |
| Jurisdicción política intermedia | Londres |
| 852 ## - LOCALIZACIÓN | |
| Ubicación | ES-MaACL |
| Número de control de estantería | G-11955 |
| Nota libre | - Enc. tela |
| -- | - Enc. al final 32 p. de publicidad editorial |
| Estatus retirado | Estado de pérdida | Estado de daño | No para préstamo | Colección | Biblioteca de origen | Biblioteca actual | Ubicación en estantería | Fecha de adquisición | Fuente de adquisición | Total de préstamos | Signatura topográfica completa | Código de barras | Visto por última vez | Precio de reemplazo | Tipo de ítem Koha |
|---|---|---|---|---|---|---|---|---|---|---|---|---|---|---|---|
| Libros del s. XIX | Biblioteca del Ateneo de Madrid | Biblioteca del Ateneo de Madrid | Sala Pecera Planta 3 | 17/01/2008 | G-11955 | 1165926 | 23/02/2023 | 23/02/2023 | Libro impreso antiguo |
